00961nam a2200241Ia 4500003000400000005001700004008004100021020001800062040001800080041000800098082002000106100003000126245011800156250001200274260006700286300003000353650005300383650003600436650002800472942002900500999001900529952017100548OSt20251120111212.0210716s2019 xx 000 0 und d a9789352138647 cAIMIT LIBRARY aeng a006.3 21bCASA aCastrounis, Alex.9246499 aAI for people and business : bframework for better human experiences and business success /cBy Alex Castrounis. a1st ed. aMumbai :bShroff Publishers and Distributors Pvt Ltd ,c2019. axiii,297p. ;bPBc23.4 cm aThe AL for people and business framework9246500 aDeveloping an AI vision9246501 aFinal throughts9246502 2ddccBKe1stk006.3 CASA c197089d197089 00102ddc40708MCAaAIMITbAIMITeShroff Publishersg1100.00iBill no:1171; Bill dt:2020-01-03l0o006.3 CASApMCA16604r2026-05-23 00:00:00v825.00w2021-07-16yBK